<?xml version="1.0" encoding="UTF-8"?>
<record
    xmlns:xsi="http://www.w3.org/2001/XMLSchema-instance"
    xsi:schemaLocation="http://www.loc.gov/MARC21/slim http://www.loc.gov/standards/marcxml/schema/MARC21slim.xsd"
    xmlns="http://www.loc.gov/MARC21/slim">

  <leader>02330nam a22003258a 4500</leader>
  <controlfield tag="005">20010117122637.0</controlfield>
  <controlfield tag="008">010110s2001    nyu           000 0 eng  </controlfield>
  <datafield tag="010" ind1=" " ind2=" ">
    <subfield code="a">B-270278-285</subfield>
  </datafield>
  <datafield tag="020" ind1=" " ind2=" ">
    <subfield code="a">8189913755</subfield>
    <subfield code="c">690.00</subfield>
  </datafield>
  <datafield tag="035" ind1=" " ind2=" ">
    <subfield code="a">B-270278-285</subfield>
  </datafield>
  <datafield tag="040" ind1=" " ind2=" ">
    <subfield code="a">dpl</subfield>
    <subfield code="b">English </subfield>
  </datafield>
  <datafield tag="082" ind1=" " ind2=" ">
    <subfield code="a">016.02072</subfield>
  </datafield>
  <datafield tag="100" ind1=" " ind2=" ">
    <subfield code="a">Mohanti, T.C. </subfield>
  </datafield>
  <datafield tag="245" ind1=" " ind2=" ">
    <subfield code="a">Research methodology in library science /</subfield>
    <subfield code="c">by T.C. Mohanti</subfield>
  </datafield>
  <datafield tag="260" ind1=" " ind2=" ">
    <subfield code="a">New Delhi </subfield>
    <subfield code="b">Alfa Publications</subfield>
    <subfield code="c">2008</subfield>
  </datafield>
  <datafield tag="270" ind1=" " ind2=" ">
    <subfield code="a">4398/5, Ansari Road, Daryaganj,</subfield>
    <subfield code="b">New Delhi </subfield>
    <subfield code="e">110002</subfield>
  </datafield>
  <datafield tag="300" ind1=" " ind2=" ">
    <subfield code="a">vi, 271p. </subfield>
    <subfield code="c">22cm (Hb) </subfield>
  </datafield>
  <datafield tag="500" ind1=" " ind2=" ">
    <subfield code="a">Includes bibliographical reference and index</subfield>
  </datafield>
  <datafield tag="942" ind1=" " ind2=" ">
    <subfield code="2">ddc</subfield>
    <subfield code="c">EN</subfield>
    <subfield code="m">MOH</subfield>
    <subfield code="h">016.02072</subfield>
  </datafield>
  <datafield tag="999" ind1=" " ind2=" ">
    <subfield code="c">16532</subfield>
    <subfield code="d">16532</subfield>
  </datafield>
  <datafield tag="952" ind1=" " ind2=" ">
    <subfield code="0">0</subfield>
    <subfield code="1">0</subfield>
    <subfield code="2">ddc</subfield>
    <subfield code="4">0</subfield>
    <subfield code="7">0</subfield>
    <subfield code="8">NFIC</subfield>
    <subfield code="a">L</subfield>
    <subfield code="b">L</subfield>
    <subfield code="d">2008-11-03</subfield>
    <subfield code="e">Alfa Pub/81/ 27.5.08/34/16.5.08/5.6.08/</subfield>
    <subfield code="g">690.00</subfield>
    <subfield code="l">4</subfield>
    <subfield code="o">016.02072 MOH</subfield>
    <subfield code="p">B-270278</subfield>
    <subfield code="r">2024-05-08 00:00:00</subfield>
    <subfield code="s">2024-04-16</subfield>
    <subfield code="t">1</subfield>
    <subfield code="v">690.00</subfield>
    <subfield code="w">2008-11-03</subfield>
    <subfield code="y">EN</subfield>
  </datafield>
  <datafield tag="952" ind1=" " ind2=" ">
    <subfield code="0">0</subfield>
    <subfield code="1">0</subfield>
    <subfield code="2">ddc</subfield>
    <subfield code="4">0</subfield>
    <subfield code="7">0</subfield>
    <subfield code="8">NFIC</subfield>
    <subfield code="a">L</subfield>
    <subfield code="b">L</subfield>
    <subfield code="d">2008-11-03</subfield>
    <subfield code="g">690.00</subfield>
    <subfield code="l">0</subfield>
    <subfield code="o">016.02072 MOH</subfield>
    <subfield code="p">B-270279</subfield>
    <subfield code="r">2008-11-03 00:00:00</subfield>
    <subfield code="t">1</subfield>
    <subfield code="v">690.00</subfield>
    <subfield code="w">2008-11-03</subfield>
    <subfield code="y">EN</subfield>
  </datafield>
  <datafield tag="952" ind1=" " ind2=" ">
    <subfield code="0">0</subfield>
    <subfield code="1">0</subfield>
    <subfield code="2">ddc</subfield>
    <subfield code="4">0</subfield>
    <subfield code="7">0</subfield>
    <subfield code="8">NFIC</subfield>
    <subfield code="a">BL1</subfield>
    <subfield code="b">BL1</subfield>
    <subfield code="d">2008-11-03</subfield>
    <subfield code="g">690.00</subfield>
    <subfield code="l">0</subfield>
    <subfield code="o">016.02072 MOH</subfield>
    <subfield code="p">B-270280</subfield>
    <subfield code="r">2008-11-03 00:00:00</subfield>
    <subfield code="t">1</subfield>
    <subfield code="v">690.00</subfield>
    <subfield code="w">2008-11-03</subfield>
    <subfield code="y">EN</subfield>
  </datafield>
  <datafield tag="952" ind1=" " ind2=" ">
    <subfield code="0">0</subfield>
    <subfield code="1">0</subfield>
    <subfield code="2">ddc</subfield>
    <subfield code="4">0</subfield>
    <subfield code="7">0</subfield>
    <subfield code="8">NFIC</subfield>
    <subfield code="a">PR</subfield>
    <subfield code="b">PR</subfield>
    <subfield code="d">2008-11-03</subfield>
    <subfield code="g">690.00</subfield>
    <subfield code="l">0</subfield>
    <subfield code="o">016.02072 MOH</subfield>
    <subfield code="p">B-270281</subfield>
    <subfield code="r">2008-11-03 00:00:00</subfield>
    <subfield code="t">1</subfield>
    <subfield code="v">690.00</subfield>
    <subfield code="w">2008-11-03</subfield>
    <subfield code="y">EN</subfield>
  </datafield>
  <datafield tag="952" ind1=" " ind2=" ">
    <subfield code="0">0</subfield>
    <subfield code="1">0</subfield>
    <subfield code="2">ddc</subfield>
    <subfield code="4">0</subfield>
    <subfield code="7">0</subfield>
    <subfield code="8">NFIC</subfield>
    <subfield code="a">ZLS</subfield>
    <subfield code="b">ZLS</subfield>
    <subfield code="d">2008-11-03</subfield>
    <subfield code="g">690.00</subfield>
    <subfield code="l">1</subfield>
    <subfield code="m">2</subfield>
    <subfield code="o">016.02072 MOH</subfield>
    <subfield code="p">B-270282</subfield>
    <subfield code="r">2019-09-16 00:00:00</subfield>
    <subfield code="s">2019-08-05</subfield>
    <subfield code="t">1</subfield>
    <subfield code="v">690.00</subfield>
    <subfield code="w">2008-11-03</subfield>
    <subfield code="y">EN</subfield>
  </datafield>
  <datafield tag="952" ind1=" " ind2=" ">
    <subfield code="0">0</subfield>
    <subfield code="1">0</subfield>
    <subfield code="2">ddc</subfield>
    <subfield code="4">0</subfield>
    <subfield code="7">0</subfield>
    <subfield code="8">NFIC</subfield>
    <subfield code="a">RKP</subfield>
    <subfield code="b">RKP</subfield>
    <subfield code="d">2008-11-03</subfield>
    <subfield code="g">690.00</subfield>
    <subfield code="l">0</subfield>
    <subfield code="o">016.02072 MOH</subfield>
    <subfield code="p">B-270283</subfield>
    <subfield code="r">2008-11-03 00:00:00</subfield>
    <subfield code="t">1</subfield>
    <subfield code="v">690.00</subfield>
    <subfield code="w">2008-11-03</subfield>
    <subfield code="y">EN</subfield>
  </datafield>
  <datafield tag="952" ind1=" " ind2=" ">
    <subfield code="0">0</subfield>
    <subfield code="1">0</subfield>
    <subfield code="2">ddc</subfield>
    <subfield code="4">0</subfield>
    <subfield code="7">0</subfield>
    <subfield code="8">NFIC</subfield>
    <subfield code="a">BN</subfield>
    <subfield code="b">BN</subfield>
    <subfield code="d">2008-11-03</subfield>
    <subfield code="g">690.00</subfield>
    <subfield code="l">1</subfield>
    <subfield code="o">016.02072 MOH</subfield>
    <subfield code="p">B-270284</subfield>
    <subfield code="r">2023-05-03 00:00:00</subfield>
    <subfield code="s">2023-04-11</subfield>
    <subfield code="t">1</subfield>
    <subfield code="v">690.00</subfield>
    <subfield code="y">EN</subfield>
  </datafield>
  <datafield tag="952" ind1=" " ind2=" ">
    <subfield code="0">0</subfield>
    <subfield code="1">0</subfield>
    <subfield code="2">ddc</subfield>
    <subfield code="4">0</subfield>
    <subfield code="7">0</subfield>
    <subfield code="8">NFIC</subfield>
    <subfield code="a">BL4</subfield>
    <subfield code="b">BL4</subfield>
    <subfield code="d">2008-11-03</subfield>
    <subfield code="g">690.00</subfield>
    <subfield code="l">1</subfield>
    <subfield code="m">2</subfield>
    <subfield code="o">016.02072 MOH</subfield>
    <subfield code="p">B-270285</subfield>
    <subfield code="r">2019-10-22 00:00:00</subfield>
    <subfield code="s">2019-09-10</subfield>
    <subfield code="t">1</subfield>
    <subfield code="v">690.00</subfield>
    <subfield code="w">2008-11-03</subfield>
    <subfield code="y">EN</subfield>
  </datafield>
  <datafield tag="952" ind1=" " ind2=" ">
    <subfield code="0">0</subfield>
    <subfield code="1">0</subfield>
    <subfield code="2">ddc</subfield>
    <subfield code="4">0</subfield>
    <subfield code="7">0</subfield>
    <subfield code="8">NFIC</subfield>
    <subfield code="a">VP</subfield>
    <subfield code="b">VP</subfield>
    <subfield code="d">2008-11-03</subfield>
    <subfield code="e">Alfa Pub/IN209/28.7.08/109/21.7.08/28.7.08</subfield>
    <subfield code="g">690.00</subfield>
    <subfield code="l">1</subfield>
    <subfield code="o">016.02072 MOH</subfield>
    <subfield code="p">B-283312</subfield>
    <subfield code="r">2019-08-19 00:00:00</subfield>
    <subfield code="s">2018-10-27</subfield>
    <subfield code="t">1</subfield>
    <subfield code="v">690.00</subfield>
    <subfield code="w">2008-11-03</subfield>
    <subfield code="y">EN</subfield>
  </datafield>
</record>
